[Event "RUS-chT 12th"]
[Site "Sochi"]
[Date "2005.04.21"]
[Round "3"]
[White "Jakovenko, Dmitrij"]
[Black "Vaganian, Rafael A"]
[Result "0-1"]
[WhiteElo "2608"]
[BlackElo "2631"]
[Annotator "Dautov,R"]
[PlyCount "102"]
[EventDate "2005.04.19"]
[EventType "team-tourn"]
[EventRounds "11"]
[EventCountry "RUS"]
[SourceTitle "EXT 2020"]
[Source "ChessBase"]
[SourceDate "2019.10.17"]
[SourceVersion "1"]
[SourceVersionDate "2019.10.17"]
[SourceQuality "1"]
[WhiteTeam "Tomsk 400"]
[BlackTeam "Sverdlovsk Ural region"]
[WhiteTeamCountry "RUS"]
[BlackTeamCountry "RUS"]

1. d4 d5 2. c4 e6 3. Nc3 Be7 4. Nf3 Nf6 5. Bf4 O-O 6. e3 Nbd7 7. a3 dxc4 {
Mit dieser Idee, die er auch gegen 7.Bd3 anwendet, konnte Vaganian einige
Punkte sammeln.} 8. Bxc4 Nb6 9. Bd3 Nbd5 10. Nxd5 (10. Bg3 Nxc3 11. bxc3 b6 12.
e4 Bb7 13. Qc2 Nh5 14. O-O c5 15. d5 Nxg3 16. hxg3 exd5 17. exd5 g6 18. c4 Bf6
19. Rae1 Qd7 $11 {Schandorff,L-Vaganian,R/Germany 2002}) (10. Be5 Nxc3 11. bxc3
c5 12. O-O b6 13. Qb1 Kh8 14. a4 Bb7 15. Bxf6 Bxf6 16. Be4 Qe7 $11 {Savchenko,
S-Prusikin,M/Griesheim 2004}) 10... exd5 11. Qc2 Bd6 12. Be5 $5 $146 {Diese
Neuerung ist mit einem agressiven Plan verbunden - Weiß will lang rochieren!} (
12. Bxd6 Qxd6 13. b4 Re8 14. O-O c6 15. b5 cxb5 16. Bxb5 Bd7 17. Bxd7 Qxd7 18.
Ne5 Qe6 19. Qb2 Re7 20. a4 {1/2-1/2 Radjabov,T-Bologan,V/Dortmund 2003}) 12...
h6 (12... Re8 $6 13. Bxf6 Qxf6 14. Bxh7+ Kh8 15. Bd3 Bh3 16. O-O Bg4 17. Be2
$16) 13. h3 Re8 14. O-O-O $5 (14. O-O c6 15. b4 Ne4 $11) 14... Bd7 15. g4 Ne4
$1 {Dieser starke Springer wird den weißen Angriff auf dem Königsflügel
bremsen.} 16. Kb1 Rc8 $1 {Vaganian läßt den Bauern auf c7 so lange wie möglich
stehen, um im Falle von Bxd6 mit dem Bauern zurücknehmen zu können.} 17. Rhf1
Re6 $1 {Sehr schön gespielt! Schwarz bereitet Qe8 nebst Ba4 (b5) auf, außerdem
kann der Turm auf der 6. Reihe aktiv werden.} 18. Qb3 {Endlich von der
Verteidigung des Pf2 befreit, geht die weiße Dame auf die Jagd - und direkt in
die von Vaganian vorbereitete Falle!} (18. Ka1 Qe8 $1 $15) 18... Bxe5 19. Bxe4
(19. Nxe5 $2 Rb6 20. Qc2 Ba4 $19) 19... Rb6 20. Qxd5 Bd6 21. Ne5 (21. Ka1 $2
Bc6 22. Qf5 g6 $19) 21... Be6 22. Qa5 c5 $1 $15 {Das war die Idee des
Bauernopfers! Weiß kann den kommenden Angriff nur durch die Hergabe seiner
Dame bremsen.} 23. Ka1 cxd4 (23... c4 $5 $15 {/\Ba3}) 24. exd4 (24. Rxd4 Qe7
25. Qxa7 Rb3 $1 26. Nd3 Bxa3 $17) 24... Bxa3 $1 25. Qxa3 (25. bxa3 $2 Rb1+ $19)
25... Ra6 26. Qxa6 bxa6 27. d5 Bd7 28. Nc6 (28. Nxd7 $5 Qxd7 29. f3 g6 $15)
28... Qf6 29. f3 Qd6 $17 30. Rc1 $6 {Weiß sollte etwas gegen das kommende g6,
f5 unternehmen.} (30. h4 $1 {/\h5} g6 31. g5 $17) 30... g6 $1 {/\f5} 31. f4 (
31. Nd4 Rxc1+ 32. Rxc1 Qh2 $17) (31. Rfd1 $17) 31... Re8 32. Rc4 Kg7 $19 {/\Re4
} 33. Rfc1 Qxf4 34. Bf5 Qd6 35. Bxd7 Qxd7 36. Rd1 Re2 37. d6 Qb7 38. Rb4 (38.
Rb1 Qb5 39. Rd4 Rd2 $1 $19) (38. Nb4 Qb5 $19) 38... Qxc6 39. d7 a5 40. d8=Q (
40. Rbd4 Qb6 $19) 40... axb4 41. Qd4+ Qf6 42. Qxb4 Rf2 43. Rd6 Rf4 44. Rxf6 (
44. Qd2 Qe5 $19) 44... Rxb4 45. Rf3 Rb5 {Das Turmendspiel ist leicht gewonnen
für Schwarz, da der weiße König zu weit entfernt ist.} 46. Ka2 h5 47. Ka3 hxg4
48. hxg4 a5 49. Rf4 g5 50. Rc4 f5 51. gxf5 Kf6 0-1

[Event "RUS-chT 12th"]
[Site "Sochi"]
[Date "2005.04.21"]
[Round "3"]
[White "Khenkin, Igor"]
[Black "Rustemov, Alexander"]
[Result "1-0"]
[WhiteElo "2610"]
[BlackElo "2573"]
[Annotator "Dautov,R"]
[PlyCount "81"]
[EventDate "2005.04.19"]
[EventType "team-tourn"]
[EventRounds "11"]
[EventCountry "RUS"]
[SourceTitle "EXT 2020"]
[Source "ChessBase"]
[SourceDate "2019.10.17"]
[SourceVersion "1"]
[SourceVersionDate "2019.10.17"]
[SourceQuality "1"]
[WhiteTeam "Moscow Youth of"]
[BlackTeam "Samara Termosteps"]
[WhiteTeamCountry "RUS"]
[BlackTeamCountry "RUS"]

1. d4 d5 2. c4 e6 3. Nc3 Be7 4. Nf3 Nf6 5. Bf4 O-O 6. e3 Nbd7 7. a3 c5 8. cxd5
Nxd5 9. Nxd5 exd5 10. dxc5 Nxc5 11. Be5 Bf6 12. Be2 Bxe5 13. Nxe5 Qd6 {Ein
natürlicher Zug, aber genauer scheint 13...Re8! zu sein.} (13... Be6 14. Nf3 (
14. O-O d4 $2 (14... Qf6 $5) 15. Qxd4 Qxd4 16. exd4 Nb3 17. Rad1 Rfd8 18. Bf3
$16 {Dreev,A-Vaganian,R/Sochi rapid 2004}) 14... Qb6 15. Qd4 Nb3 16. Qxb6 axb6
17. Rd1 Rfc8 18. Bd3 Nc5 19. Bc2 b5 20. Nd4 $16 {Gurevich,M-Golod,V/Cappelle
la Grande 1999}) (13... Re8 $1 14. Nf3 Qb6 15. Rc1 Ne6 16. Qd2 Rd8 17. Nd4 Nxd4
18. Qxd4 Qxd4 19. exd4 Be6 20. Rc7 Rdc8 21. Rxb7 Rc1+ 22. Bd1 Rc4 $11 {Huebner,
R-Vaganian,R/Baden-Baden 2005}) 14. Nf3 Bg4 15. Nd4 (15. O-O Rad8 (15... Bxf3
16. Bxf3 Rad8 17. Rc1 Ne6 18. Qb3 $14) 16. Nd4 Bxe2 17. Qxe2 Ne6 18. Rfd1 $14)
15... Bxe2 16. Qxe2 Rac8 (16... Ne6 17. Rd1 $14) (16... Qb6 $5 17. O-O a5 18.
Rfd1 Rfd8 $14) 17. O-O a6 18. Rfd1 g6 $1 {Mit seinen letzten zwei Zügen
schränkte Rustemov den weißen Springer ein und verhinderte dessen Ausfälle auf
b5 und f5.} 19. h4 Rc7 $6 {Es ist noch kein ernsthafter Fehler, aber
geläufiger ist die Fixierung 19...h5. Das Vorrücken des flinken weißen
Randbauern bis h6 kann Schwarz leicht Kopfschmerzen verursachen, wie wir es
auch gleich in der Partie sehen werden.} (19... h5 $1 20. Qf3 Ne4 21. Rac1 Kg7
$14) 20. Rac1 Rfc8 21. h5 {[%mdl 32]} Qe5 $6 {Diese Ungenauigkeit erlaubt die
Aktivierung der weißen Dame, angezeigt war 21...Ne4.} (21... Ne4 $1 22. Rxc7
Rxc7 23. Qf3 (23. Qg4 $2 Nf6) 23... Qe5 24. h6 Qg5 25. Qh3 Qf6 $13) 22. Qg4 $1
Kg7 (22... Ne4 $6 23. Qxc8+ Rxc8 24. Rxc8+ Kg7 25. hxg6 hxg6 26. b4 $16) (22...
Ne6 23. Rxc7 Rxc7 24. Nxe6 Qxe6 25. Qf4 $16) (22... Qxh5 23. Qxh5 gxh5 24. Nf5
$16) 23. Qh4 $1 Kf8 24. h6 $1 $16 {I. Khenkin hat sein Ziel erreicht, der
starke Bauer h6 wird nun für verschiedene taktische Motive sorgen.} f6 25. Nf3
$1 Qe6 (25... Qxb2 26. Rb1 Qc3 27. Rdc1 (27. Rxd5 $16) 27... g5 (27... Qxa3 $2
28. Qxf6+ Kg8 29. Ng5 $18) 28. Qg3 Qxa3 29. Qd6+ Kf7 30. Qxd5+ Kg6 31. Qd6 $40)
26. Qf4 $1 {/\Qf4 Die weiße Dame nähert sich leisen, aber kraftvollen
Schrittes. Angesichts der Drohung 27.b4 sieht sich nun Schwarz gezwungen,
einen Bauern abzugeben.} Qe7 (26... Qf7 27. Qd6+) 27. Rxd5 Ne6 28. Rxc7 Rxc7
29. Qe4 Rc1+ 30. Kh2 Rc5 $2 {Der falsche Abtausch! Schwarz sollte stattdessen
die Damen tauschen.} (30... Nc7 $1 31. Qxe7+ Kxe7 32. Rd2 $16) 31. g3 Rxd5 32.
Qxd5 $18 Nd8 33. Nd4 Nf7 34. Ne6+ Ke8 35. Ng7+ Kf8 36. Ne6+ Ke8 37. Nc5 Nxh6
38. Nxb7 Nf7 39. Nc5 a5 40. Qc6+ Kf8 41. Ne6+ 1-0

[Event "Aruba"]
[Site "Aruba"]
[Date "1992.??.??"]
[Round "2"]
[White "Granda Zuniga, Julio E"]
[Black "Benko, Pal C"]
[Result "1-0"]
[WhiteElo "2615"]
[BlackElo "2415"]
[Annotator "Dautov,R"]
[PlyCount "67"]
[EventDate "1992.03.??"]
[EventType "tourn"]
[EventRounds "9"]
[EventCountry "NAU"]
[EventCategory "11"]
[SourceTitle "CBM 030"]
[Source "ChessBase"]
[SourceDate "1992.10.01"]
[SourceVersion "1"]
[SourceVersionDate "1992.10.01"]
[SourceQuality "1"]

1. d4 d5 2. c4 e6 3. Nc3 Be7 4. Bf4 Nf6 5. e3 O-O 6. Nf3 c5 7. dxc5 Bxc5 8. Be2
dxc4 (8... Nc6 9. O-O (9. cxd5 Nxd5 10. Nxd5 exd5 11. O-O d4 $2 12. Qc2 Qe7 13.
Ng5 g6 14. Ne4 Bb4 15. a3 Bf5 16. Bd3 Bxe4 17. Bxe4 Bd6 18. Bxd6 Qxd6 19. Rfd1
Rac8 20. Qa4 Rfd8 21. Rac1 $16 {Bykhovsky,Av-Geller,E Dortmund(op) 1992}) 9...
dxc4 10. Bxc4 a6 (10... Qxd1 11. Rfxd1 b6 $6 12. Nb5 Bb7 13. Nd6 $14) 11. Rc1
b5 12. Bd3 Nb4 13. Bb1 Qxd1 14. Rfxd1 Be7 15. Ne4 Nbd5 16. Bd6 Bxd6 17. Nxd6
Rd8 18. Nxf7 $1 Kxf7 19. e4 $16 {Karlsson-Lechtinsky Kobenhavn,1983}) 9. Bxc4
Qxd1+ (9... a6 10. Qe2 b5 11. Bd3 Bb7 12. O-O Nbd7 13. Rfd1 (13. e4 $2 Nh5 $1
14. Bd2 Qc7) 13... h6 (13... Qe7 14. Bg5 Rac8 15. a4 $1 b4 16. Nb1 a5 17. Nbd2
$14 {Gurevich,M-Beliavsky,A Moskva(GMA) 1990}) 14. Bg3 (14. Ne5 $5) 14... Bb4
$1 15. Ne5 Qe7 16. Nxd7 Nxd7 17. a3 Bxc3 18. Bd6 Qh4 19. bxc3 {1/2:1/2,
Gurevich,M-Yusupov,A Munich 1992}) 10. Rxd1 a6 (10... Nc6 11. O-O Bd7 12. Ne4
$1 $16) (10... b6 11. O-O Bb7 12. Nb5 Nc6 13. Nd6 Bxd6 14. Rxd6 $14) 11. O-O (
11. Bd3 Nbd7 12. Rc1 b6 13. Ne4 Bb7 14. Nxc5 Nxc5 15. Be2 Rfc8 $10 {ECO}) 11...
b5 12. Bb3 Bb7 (12... Nbd7 $142) 13. Ne5 Nc6 14. Nd7 Nxd7 15. Rxd7 Na5 16. Bc2
Bc6 17. Rdd1 (17. Rc7 $2 Bb6 18. Re7 Bd8 $19) 17... Nc4 18. b3 Na3 19. Be4 Rfc8
20. Bd6 Bxd6 21. Rxd6 Bxe4 22. Nxe4 Rc2 (22... Nc2 $1 $10 {/\Nb4-d5}) 23. Rfd1
h6 24. R6d2 (24. g4 Rxa2 25. Rd8+ Rxd8 26. Rxd8+ Kh7 27. Rd7 f5 $13) 24... Rac8
25. g4 b4 $2 (25... Kf8 26. Rd8+ Rxd8 27. Rxd8+ Ke7 28. Ra8 Rxa2 29. Ra7+ $16)
(25... Rxd2 $142 26. Rxd2 f5 27. gxf5 exf5 28. Ng3 Rc5 $10) 26. Rd8+ Rxd8 27.
Rxd8+ Kh7 28. Rd7 $16 Kg8 29. Nd6 Rxa2 30. Nxf7 a5 31. g5 Kh7 (31... hxg5 32.
Nxg5 g6 33. Nxe6 a4 34. Nc5 axb3 35. Nxb3 $16) 32. h4 a4 $6 (32... Kg6 33. Ne5+
Kf5 34. Rxg7 $1 Kxe5 35. gxh6 Kf6 36. Rg8 $18) 33. h5 $18 hxg5 (33... Kg8 34.
g6 Kf8 35. Nd6 axb3 36. Rf7+ Kg8 37. Re7) 34. Rd8 1-0

[Event "RUS-chT 09th Group1"]
[Site "Ekaterinburg"]
[Date "2002.05.17"]
[Round "1"]
[White "Rustemov, Alexander"]
[Black "Nikitin, Andrey"]
[Result "1/2-1/2"]
[WhiteElo "2598"]
[BlackElo "2492"]
[Annotator "Dautov,R"]
[PlyCount "107"]
[EventDate "2002.05.17"]
[EventType "team-tourn"]
[EventRounds "7"]
[EventCountry "RUS"]
[SourceTitle "CBM 090"]
[Source "ChessBase"]
[SourceDate "2002.09.20"]
[SourceVersion "1"]
[SourceVersionDate "2002.09.20"]
[SourceQuality "1"]
[WhiteTeam "Norilsk Norilsky Nikel"]
[BlackTeam "Novokuznetsk"]
[WhiteTeamCountry "RUS"]
[BlackTeamCountry "RUS"]

1. d4 d5 2. c4 e6 3. Nf3 Be7 4. Nc3 Nf6 5. Bf4 O-O 6. e3 c5 7. dxc5 Bxc5 8. a3
Nc6 9. Qc2 Qa5 10. Ra2 {Wie in vielen anderen Abspielen des 5.Bf4-Systems
beabsichtigt Weiß das schnelle Abdrängen der gegnerischen Figuren mit b2-b4.
Der Hauptvorteil dieses Zuges liegt in seiner relativen Seltenheit.} (10. Rd1)
(10. O-O-O) (10. Nd2) 10... Be7 ({Eine gute Alternative bietet} 10... Qd8 11.
b4 Bd6 12. Bg5 (12. Bg3 h6 13. Be2 Bxg3 14. hxg3 dxc4 15. Bxc4 Bd7 16. Qe2 Rc8
17. O-O Ng4 18. Ne4 Nce5 19. Bb3 Bc6 $11 {Avrukh,B-Rizouk,A/Andorra la Vella
2002}) 12... dxc4 13. Bxc4 Ne5 14. Be2 Bd7 15. Ne4 Nxf3+ 16. Bxf3 Bb5 17. Be2
Rc8 18. Qb1 Bxe2 19. Bxf6 gxf6 20. Rd2 Qc7 21. Nxd6 Rcd8 22. Kxe2 Rxd6 $11 {
Palliser,R-Azarov,S/Athens 2001}) 11. b4 Qd8 12. h3 $146 {Rustemov beugt dem
Abtauschmanöver Nf6-h5 vor.} (12. Bd3 dxc4 13. Bxc4 Nh5 14. O-O Nxf4 15. exf4
Nd4 16. Qe4 Nxf3+ 17. Qxf3 Qc7 $11 {Rustemov,A-Pigusov,E/Tomsk 2001}) (12. Qb3
$5 a5 13. b5 a4 14. Qc2 Na5 15. Qxa4 Bd7 16. cxd5 exd5 17. Bd3 Be6 18. Nd4 Qb6
19. O-O Nc6 20. Nxe6 Rxa4 21. Nxa4 Qa5 22. Nxf8 $16 {Nikitin,A-Zamruk,A/
Togliatty 2001}) 12... d4 {Die entstehende Bauernstruktur ist zwar für Weiß
günstig, Schwarz wird aber diesen Nachteil durch das aktive Gegenspiel
kompensieren können.} ({Durchaus der Rede wert ist der Abtausch} 12... Bxb4 $5
13. axb4 Nxb4 14. Qb2 Nxa2 15. Qxa2 dxc4 16. Bxc4 a6 17. O-O Bd7 $13 {nebst
b7-b5 und Qb6.}) 13. exd4 Nxd4 14. Nxd4 Qxd4 15. Be3 (15. Qd2 e5 16. Qxd4 exd4
17. Nb5 a5 18. Nc7 Ra7 $132) 15... Qe5 16. Be2 a5 17. O-O ({In Frage kam} 17.
b5 $5 {, mit der Idee, bald Nc3-a4 folgen zu lassen.}) 17... axb4 18. axb4 Bd7
(18... Bd6 19. g3 $14) 19. Rxa8 Rxa8 20. c5 (20. Qb3 Bd6 21. g3 Qf5 22. Rd1 Bc7
$132) 20... Ra3 21. Rc1 {/\Qd2, Bd4} (21. Nb1 $2 Rxe3 22. fxe3 Qxe3+ $40) 21...
Nd5 $1 {Nach diesem Abtausch braucht Schwarz nichts zu befürchten.} 22. Nxd5
exd5 23. Qd2 Bf6 $11 24. b5 Ra1 (24... d4 $5 25. Bf4 Qe4 $11 26. Bf3 $2 Rxf3
27. gxf3 Qxf3 $19) 25. Bf1 Rxc1 26. Qxc1 Qc3 27. Qxc3 Bxc3 28. f4 f5 29. Bd3 g6
30. Kf1 Kf7 31. Ke2 Ke7 32. Kd1 Be6 33. Kc2 Bf6 34. Be2 Bd7 35. Kb3 Ke6 36. Kb4
Be7 37. Kc3 Bd8 38. Kb4 Be7 39. Ka4 Bd8 40. Bd4 Bc7 41. Be5 Bxe5 42. fxe5 b6
43. cxb6 Bc8 44. b7 Bxb7 45. Bf3 Kxe5 46. Ka5 Kd6 47. Kb6 Bc8 48. Ka7 Bd7 49.
b6 Bc6 50. g3 g5 51. g4 f4 52. Bh1 Kc5 53. Bg2 Kb5 54. Bf3 1/2-1/2

[Event "Linares 22nd"]
[Site "Linares"]
[Date "2005.03.08"]
[Round "12"]
[White "Topalov, Veselin"]
[Black "Kasimdzhanov, Rustam"]
[Result "1-0"]
[WhiteElo "2757"]
[BlackElo "2678"]
[Annotator "Dautov,R"]
[PlyCount "63"]
[EventDate "2005.02.23"]
[EventType "tourn"]
[EventRounds "14"]
[EventCountry "ESP"]
[EventCategory "20"]
[SourceTitle "CBM 106"]
[Source "ChessBase"]
[SourceDate "2005.06.06"]
[SourceVersion "1"]
[SourceVersionDate "2005.06.06"]
[SourceQuality "1"]

1. d4 d5 2. c4 e6 3. Nc3 Be7 4. Nf3 Nf6 5. Bf4 O-O 6. e3 c5 7. dxc5 Bxc5 8. a3
Nc6 9. Qc2 Qa5 10. Nd2 Bb4 {Es ist zu vermuten, daß die Anzahl der Anhänger
dieses Zuges bald schnell abnehmen wird, so überzeugend ist Topalovs Sieg
ausgefallen. Eine gute Alternative zum Textzug stellt 10...Be7 dar.} (10... Be7
) 11. cxd5 exd5 (11... Nxd5 12. Nxd5 exd5 13. Bd3 g6 14. Rc1 Be7 15. O-O Bf6
16. Nb3 Qb6 17. Nc5 (17. Bd6 $5 $14) 17... Qxb2 18. Qa4 Qb6 19. Bd6 Be7 20.
Bxe7 Nxe7 21. Nd7 (21. Qf4 $5) 21... Bxd7 22. Qxd7 Qb3 $11 {Topalov,V-Kramnik,
V/Wijk aan Zee 2001}) 12. Bd3 d4 13. O-O Bxc3 14. Nc4 Qh5 15. bxc3 Nd5 (15...
dxe3 16. Nxe3 $14) 16. Bg3 dxe3 17. Rae1 Be6 {Bisher hat sich keiner der
Schwarzspieler getraut, den Bauern f2 zu nehmen. Zumindest wüßte Schwarz
danach , wofür er gequält wird, in der Partie muß Rustam dagegen "umsonst"
leiden.} (17... exf2+ $6 18. Rxf2 Be6 19. Nd6 (19. Re4 h6) 19... b6 $44) 18.
fxe3 Nde7 (18... Rad8 19. Nd6 Ne5 $2 (19... b6 20. e4 $14) 20. Bxh7+ Qxh7 21.
Qxh7+ Kxh7 22. Bxe5 f6 23. e4 Nb6 24. Bg3 Na4 25. e5 $16 {Topalov,V-Kramnik,V/
Monte Carlo 2001}) 19. Nd6 b6 20. Rb1 $1 {Nun spielen alle weißen Figuren mit,
während die schwarzen Türme bis zum Ende der Partie dem Kampf tatenlos zusehen
werden.} f6 $146 {Eine Neuerung, die aus der Not geboren zu sein scheint. Das
bereits gespielte 20...Nd5 sieht auch nicht vertrauenerweckend aus.} (20... Nd5
21. Rb5 (21. Qd2 $5) 21... Qh6 22. Rxd5 $5 Bxd5 23. Nf5 Qg5 24. Bh4 Qh5 25. Rf4
$2 (25. Qa4 $1 $40) 25... f6 26. Ng3 Qe8 27. Bxh7+ Kh8 $17 {Nadanian,
A-Dervishi,E/Panormo 1998}) 21. Rb5 (21. Rf4 $5) 21... Ne5 22. Rf4 N7g6 23. Rd4
Bd7 $2 {Die Läuferschaukel sieht einladend aus, und es ist nicht leicht, den
starken weißen 25. Zug zu sehen. Besser wäre jedoch 23...Rad8, wonach Weiß
eine schöne Stellung, aber keinen direkten Gewinnweg hätte.} (23... Rad8 $5 24.
Be2 Qh6 25. Bf4 Nxf4 26. exf4 Nc6 $14) 24. Rbd5 Be6 25. Be2 $1 $18 {[%mdl 64]}
Qh6 26. Bf4 $1 Nxf4 27. exf4 g6 {Schwarz ist verloren.} (27... Bxd5 $2 28. Nf5
$18) (27... Nc6 28. Rh5 Qg6 29. f5 Nxd4 30. cxd4 $18) (27... Rad8 28. Qd1 Nc6
29. Nf5 Bxf5 30. Rxd8 Nxd8 31. Rxd8 Be6 32. Qd6 Rxd8 33. Qxd8+ Kf7 34. Bb5 $18)
(27... Kh8 28. Qe4 Bxd5 29. Rxd5 Ng6 (29... Nc6 30. Rd3 $1 $18) (29... Qg6 30.
fxe5 Qxe4 31. Nxe4 Rae8 32. Nd6 $18) 30. g3 $1 Nxf4 31. Qxf4 Qxf4 32. gxf4 $18)
28. Qe4 $1 Bxd5 29. Qxd5+ Kh8 30. Re4 Nd7 31. Nf7+ Rxf7 32. Qxf7 (32. Qxf7 Nc5
33. Re8+ Rxe8 34. Qxe8+ Kg7 35. Qe7+ Kh8 36. Bc4 $18) 1-0

[Event "EU-chT (Men) 15th"]
[Site "Gothenburg"]
[Date "2005.08.01"]
[Round "3.4"]
[White "Mchedlishvili, Mikheil"]
[Black "Lputian, Smbat G"]
[Result "1/2-1/2"]
[WhiteElo "2549"]
[BlackElo "2629"]
[Annotator "Dautov,R"]
[PlyCount "63"]
[EventDate "2005.07.30"]
[EventType "team-swiss"]
[EventRounds "9"]
[EventCountry "SWE"]
[SourceTitle "CBM 109"]
[Source "ChessBase"]
[SourceDate "2005.11.14"]
[SourceVersion "1"]
[SourceVersionDate "2005.11.14"]
[SourceQuality "1"]
[WhiteTeam "Georgia"]
[BlackTeam "Armenia"]
[WhiteTeamCountry "GEO"]
[BlackTeamCountry "ARM"]

1. d4 d5 2. c4 e6 3. Nf3 Nf6 4. Nc3 Be7 5. Bf4 O-O 6. e3 Nbd7 7. a3 c5 8. cxd5
Nxd5 9. Nxd5 exd5 10. dxc5 Nxc5 11. Be2 Bf6 12. Be5 Bxe5 13. Nxe5 Re8 14. Nf3
Qb6 15. Rc1 Ne4 {Sicherer ist m. E. 15...Ne6, aber Smbat hat eine Neuerung in
petto.} (15... Ne6 16. Qd2 Rd8 17. Nd4 Nxd4 18. Qxd4 Qxd4 19. exd4 Be6 20. Rc7
Rdc8 21. Rxb7 Rc1+ 22. Bd1 Rc4 23. O-O Rxd4 $11 {Huebner,R-Vaganian,R /
Baden-Baden 2005}) 16. Qd4 Qa5+ $146 (16... Qg6 17. O-O Bh3 18. Ne1 Rad8 19.
Kh1 Bf5 20. Nf3 a6 21. Nh4 Qg5 22. Nxf5 Qxf5 23. Kg1 Rc8 24. Bf3 Nf6 25. h3 h6
26. b4 Qe6 27. Rfd1 Rxc1 28. Rxc1 $14 {Gyimesi,Z-Portisch,L /Kazincbarcika 2005
}) 17. Qb4 Qxb4+ 18. axb4 Re6 $5 {Das ist die Idee hinter dem Damentausch auf
b4. Schwarz stürzt sich auf den Bauern b4, erzwingt b4-b5 und löst nach a7-a6
den Damenflügel auf. Dennoch sollte Weiß bei genauem Spiel seinen leichten
Vorteil behalten können.} 19. Nd4 Rb6 20. b5 Bd7 21. f3 $6 {Dieser Zug ist
unnötig, da der schwarze Springer selbst nach d6 strebt. Mit 21.Rc7! konnte
Weiß gegenüber der Partie ein wichtiges Tempo gewinnen.} (21. Rc7 $1 Rd8 22.
O-O Nd6 (22... a6 23. Ra1 $1 Kf8 24. bxa6 bxa6 25. b3 $14) 23. Rc5 $14) 21...
Nd6 22. Rc5 Rc8 23. Rxc8+ $6 {Der Abtausch des aktiven Turmes kostet Weiß
seinen restlichen Vorteil. Angezeigt war 23.b4!} (23. b4 $1 Kf8 (23... a6 $6
24. Kf2 Nxb5 (24... Be6 25. Rhc1 Rd8 26. bxa6 bxa6 27. Ra1 $16) 25. Bxb5 axb5
26. Rxd5 Be8 27. Rc5 $16) 24. Kd2 Be6 25. Ra1 Ra8 26. g4 $5 $14) 23... Nxc8 24.
Kd2 Kf8 25. Ra1 (25. Rc1 Ke7 $11) 25... Ke7 26. Bd3 h5 27. h4 Kd6 $11 28. Rc1 {
Erlaubt das Auflösen der Damenflügelbauern. An seine Schwäche b5 gebunden, war
Weiß sowieso außerstande, Fortschritte zu machen.} (28. b4 g6 $11) 28... a6 29.
bxa6 Rxb2+ 30. Kc3 Rb6 31. axb7 Rxb7 32. Ra1 (32. Ra1 Ra7 $11) 1/2-1/2

[Event "ARG-ch 72nd"]
[Site "Pinamar"]
[Date "2002.03.14"]
[Round "5"]
[White "Slipak, Sergio"]
[Black "Campora, Daniel Hugo"]
[Result "1-0"]
[WhiteElo "2498"]
[BlackElo "2542"]
[Annotator "Dautov,R"]
[PlyCount "65"]
[EventDate "2002.03.11"]
[EventType "tourn"]
[EventRounds "13"]
[EventCountry "ARG"]
[EventCategory "9"]
[SourceTitle "CBM 088"]
[Source "ChessBase"]
[SourceDate "2002.03.21"]
[SourceVersion "1"]
[SourceVersionDate "2002.03.21"]
[SourceQuality "1"]

1. d4 Nf6 2. c4 e6 3. Nf3 d5 4. Nc3 Be7 5. Bf4 O-O 6. e3 c5 7. dxc5 Bxc5 8.
cxd5 Nxd5 9. Nxd5 exd5 10. a3 Nc6 11. Bd3 Bb6 12. O-O Bg4 13. h3 Bh5 14. Be2
Re8 15. b4 a6 $6 {Dieser prophylaktische Zug ist bekannterweise überflüssig.
Stattdessen sollte Schwarz rechtzeitig die Maßnahmen gegen das Manöver Ra2-d2
ergreifen.} (15... d4 16. b5 (16. exd4 $2 Rxe2 $1 17. Qxe2 Nxd4 $17) 16... Ne7
17. exd4 Nd5 18. Bd2 Bxf3 19. Bxf3 Bxd4 20. Rc1 $14) ({Richtig ist} 15... Bg6
16. Ra2 h6 $1 (16... d4 $6 17. Rd2 $1 Qf6 18. Bg5 $16) 17. Rd2 Be4 18. Qa1 Qe7
19. Rfd1 Rac8 20. Ne1 Ne5 $1 $11 (20... g5 21. Bg3 Ne5 22. Bb5 Nc6 23. Ba4 a5
24. Bb3 $14 {Van Wely,L-Topalov,V/Monte Carlo 2001})) 16. Ra2 $14 f6 $146 {
Die Verteidigung des Isolani vom Feld f7 scheint keine schlechte Idee zu sein.
Dennoch kann Weiß seinen Vorteil behaupten.} (16... Qd7 17. Ne5 Nxe5 18. Bxh5
Nc4 19. Bf3 Rad8 20. Qb3 Bc7 21. Rd1 Bxf4 22. Rxd5 Qc7 23. Rc5 Na5 24. Rxc7
Nxb3 25. exf4 Nd2 26. Ra1 Nxf3+ 27. gxf3 $14 {Spassov,L-Georgadze,T/Bulgaria
1981}) (16... Bg6 17. Rd2 Be4 18. Ng5 Qf6 19. Nxe4 dxe4 20. Rd7 $14 {Tregubov,
P-Rustemov,A/New Delhi/Theran 2000}) 17. Nd4 $1 ({Den Damengewinn nach} 17. Rd2
Bf7 18. Bc4 dxc4 19. Rxd8 Raxd8 $11 {braucht Schwarz nicht zu befürchten.})
17... Bf7 (17... Bxe2 18. Nxe2 Qd7 19. Rd2 Rad8 {><d5} 20. Qb3 $14) 18. Nxc6
bxc6 19. Qa4 {><c6 Es entstand eine neue Schwäche auf c6, die sofort unter
Beschuß genommen wird.} a5 20. bxa5 c5 $2 ({Besser war} 20... Rxa5 21. Qxc6 d4
(21... g5 22. Bg3 d4 23. Rd2 $14) 22. Rd2 (22. Bc4 dxe3 23. Bxf7+ Kxf7 $11)
22... Rxa3 23. Rb1 $14 {, und der weiße Vorteil resultiert aus der
unangenehmen Fesselung in der d-Linie.}) 21. a6 c4 22. Rb2 $16 {Der Freibauer
a6 kann schnell gefährlich werden. Im weiteren Partieverlauf gelingt es
Schwarz nicht, die Stellung zu halten.} g5 23. Bg3 f5 24. Rfb1 f4 25. exf4 Bd4
26. Rd2 Bc3 27. Rc2 Ba5 (27... Bg7 {/\Bg6} 28. f5 $16) 28. Rd1 Qb6 $2 29. fxg5
$18 Red8 30. Rcc1 Rxa6 31. Qc2 Bg6 32. Qa2 Raa8 $2 33. Rxd5 $1 1-0